[Event "Moscow-ch"]
[Site "Moscow"]
[Date "2001.??.??"]
[Round "8"]
[White "Deviatkin, Andrei"]
[Black "Murzin, Sergey"]
[Result "1-0"]
[WhiteElo "2416"]
[BlackElo "2186"]
[PlyCount "111"]
[EventDate "2001.??.??"]
[EventType "swiss"]
[EventRounds "9"]
[EventCountry "RUS"]
[SourceTitle "EXT 2002"]
[Source "ChessBase"]
[SourceDate "2001.11.25"]
[SourceVersion "1"]
[SourceVersionDate "2001.11.25"]
[SourceQuality "1"]

1. e4 c5 2. c3 Nf6 3. e5 Nd5 4. d4 cxd4 5. Qxd4 e6 6. Nf3 Nc6 7. Qe4 f5 8. Qe2 Be7 9. g3 0-0 10. Bg2 d6 11. exd6 Bxd6 12. 0-0 Nf6 13. Nd4 Nxd4 14. cxd4 Rb8 15. Na3 Bxa3 16. bxa3 b5 17. Bg5 h6 18. Bf4 Rb6 19. Rac1 Nd5 20. Be5 Bb7 21. Rc5 b4 22. Bxd5 Bxd5 23. Bc7 Qa8 24. Bxb6 axb6 25. Rc7 Qxa3 26. Rfc1 b3 27. axb3 Qxb3 28. Qe3 Qb5 29. h4 Qe8 30. Qe5 Qg6 31. Kh2 f4 32. Rg1 Qg4 33. Rxg7+ Qxg7 34. gxf4 Qxg1+ 35. Kxg1 Rf5 36. Qb8+ Kg7 37. Kh2 h5 38. Kg3 b5 39. Qxb5 Rf7 40. Qb8 Rf5 41. Qc7+ Kg6 42. Qd8 Kg7 43. Qe7+ Kg6 44. Kh2 Kh6 45. Kg1 Kg6 46. Qe8+ Kg7 47. Kf1 Kh7 48. Ke2 Kg7 49. Qe7+ Kg6 50. Kd3 Kh6 51. Kc3 Kg6 52. Kb4 Ba2 53. Qa7 Bb1 54. Qa8 Bd3 55. Qc6 Bf1 56. Qxe6+ 1-0

[Event "Geller Memorial op"]
[Site "Moscow"]
[Date "2001.??.??"]
[Round "1"]
[White "Mitenkov, Alexey"]
[Black "Murzin, Sergey"]
[Result "1/2-1/2"]
[WhiteElo "2428"]
[BlackElo "2186"]
[PlyCount "102"]
[EventDate "2001.10.26"]
[EventType "swiss"]
[EventRounds "9"]
[EventCountry "RUS"]
[SourceTitle "EXT 2002"]
[Source "ChessBase"]
[SourceDate "2001.11.25"]
[SourceVersion "1"]
[SourceVersionDate "2001.11.25"]
[SourceQuality "1"]

1. d4 Nf6 2. c4 e6 3. Nc3 d5 4. cxd5 exd5 5. Bg5 Be7 6. e3 0-0 7. Bd3 Nbd7 8. Nf3 c6 9. Qc2 Re8 10. 0-0 Nf8 11. Rab1 Ng6 12. b4 a6 13. a4 Ne4 14. Bxe7 Qxe7 15. Bxe4 dxe4 16. Nd2 f5 17. b5 axb5 18. axb5 Be6 19. bxc6 bxc6 20. Rb6 Rec8 21. Rfb1 h6 22. Nb3 Qg5 23. Ne2 Bd5 24. Nc5 Ra2 25. R6b2 Rca8 26. Rxa2 Rxa2 27. Rb2 Ra8 28. Qb1 Kf7 29. h3 h5 30. Rb8 Ra2 31. Rb2 Rxb2 32. Qxb2 f4 33. Nxf4 Nxf4 34. exf4 Qxf4 35. Qc3 Qb8 36. h4 Qb1+ 37. Kh2 Qd1 38. Qe3 Qg4 39. Qg3 Qf5 40. Qe3 Qg4 41. g3 Qf5 42. Na4 Bc4 43. Nc3 Bd3 44. Qf4 Qxf4 45. gxf4 Kg6 46. Nd1 Kf6 47. Ne3 g6 48. Kg3 Be2 49. Kg2 Ke6 50. Kh3 Kf6 51. Kg3 Ke6 1/2-1/2

[Event "Moscow-ch"]
[Site "Moscow"]
[Date "2001.??.??"]
[Round "7"]
[White "Murzin, Sergey"]
[Black "Granovskiy, Alexandr"]
[Result "1/2-1/2"]
[WhiteElo "2186"]
[BlackElo "2328"]
[PlyCount "113"]
[EventDate "2001.??.??"]
[EventType "swiss"]
[EventRounds "9"]
[EventCountry "RUS"]
[SourceTitle "EXT 2002"]
[Source "ChessBase"]
[SourceDate "2001.11.25"]
[SourceVersion "1"]
[SourceVersionDate "2001.11.25"]
[SourceQuality "1"]

1. c4 e5 2. Nc3 Nc6 3. Nf3 Bb4 4. Qc2 Nf6 5. a3 Be7 6. e3 0-0 7. b4 d6 8. Bb2 Re8 9. Bd3 Bf8 10. 0-0 a5 11. b5 Nb8 12. Bf5 Bxf5 13. Qxf5 e4 14. Nd4 Qd7 15. f3 Qxf5 16. Nxf5 Nbd7 17. Nxe4 Nxe4 18. fxe4 Rxe4 19. d3 Re6 20. e4 g6 21. Ne3 c6 22. Nc2 Rd8 23. Rad1 d5 24. bxc6 bxc6 25. Rfe1 dxc4 26. d4 Nf6 27. Bc3 Nxe4 28. Bxa5 Ra8 29. Bb4 Bxb4 30. Nxb4 Rxa3 31. Nxc6 Rxc6 32. Rxe4 c3 33. Rc1 Re6 34. Rxe6 fxe6 35. Kf2 Kf7 36. Ke3 Ra2 37. Kf3 Rd2 38. Rxc3 Rxd4 39. Rc7+ Kg8 40. Re7 Rd3+ 41. Ke2 Rd6 42. g4 h6 43. h4 g5 44. hxg5 hxg5 45. Ke3 Kf8 46. Ra7 Rd5 47. Ke4 Rb5 48. Rc7 Ke8 49. Ra7 Rc5 50. Rb7 Rd5 51. Rg7 Kd8 52. Ke3 Re5+ 53. Kd4 Ra5 54. Ke4 Rc5 55. Kd4 Rd5+ 56. Ke4 Ke8 57. Ra7 1/2-1/2

[Event "Moscow-ch"]
[Site "Moscow"]
[Date "2001.??.??"]
[Round "9"]
[White "Murzin, Sergey"]
[Black "Novikov, Stanislav"]
[Result "0-1"]
[WhiteElo "2186"]
[BlackElo "2286"]
[PlyCount "100"]
[EventDate "2001.??.??"]
[EventType "swiss"]
[EventRounds "9"]
[EventCountry "RUS"]
[SourceTitle "EXT 2002"]
[Source "ChessBase"]
[SourceDate "2001.11.25"]
[SourceVersion "1"]
[SourceVersionDate "2001.11.25"]
[SourceQuality "1"]

1. c4 g6 2. Nc3 Bg7 3. g3 c5 4. Bg2 Nc6 5. d3 e6 6. e4 Nge7 7. Nge2 0-0 8. 0-0 a6 9. Be3 Nd4 10. Qd2 Rb8 11. Bh6 Bxh6 12. Qxh6 b5 13. Qd2 Nec6 14. Nxd4 cxd4 15. Ne2 bxc4 16. dxc4 Qb6 17. b3 e5 18. Nc1 d6 19. Nd3 Nb4 20. c5 dxc5 21. Nxe5 Be6 22. Rfc1 Rfc8 23. Bf1 Nc6 24. Nxc6 Rxc6 25. Rc2 a5 26. Rac1 a4 27. bxa4 Rbc8 28. Bc4 Qa7 29. Bb5 c4 30. Bxc6 Rxc6 31. Rd1 Qxa4 32. Rcc1 d3 33. Qc3 Rc8 34. Rd2 Qa8 35. Re1 Bg4 36. Kg2 Bf5 37. f3 Be6 38. h4 h5 39. Kh2 Rb8 40. Rf1 Qb7 41. Kg2 Qc8 42. Kh2 Kh7 43. Rff2 Rb1 44. Rb2 Rd1 45. a4 Qe8 46. a5 Bc8 47. Qxc4 Qd7 48. g4 d2 49. Qd5 Qxd5 50. exd5 Rh1+ 0-1

[Event "Moscow-ch"]
[Site "Moscow"]
[Date "2000.??.??"]
[Round "5"]
[White "Murzin, Sergey"]
[Black "Martynov, Vladimir"]
[Result "0-1"]
[WhiteElo "2195"]
[BlackElo "2302"]
[PlyCount "96"]
[EventDate "2000.05.??"]
[EventType "swiss"]
[EventRounds "9"]
[EventCountry "RUS"]
[SourceTitle "EXT 2001"]
[Source "ChessBase"]
[SourceDate "2000.11.22"]
[SourceVersion "1"]
[SourceVersionDate "2000.11.22"]
[SourceQuality "1"]

1. c4 g6 2. Nc3 Bg7 3. g3 e5 4. Bg2 f5 5. d3 c6 6. e4 d6 7. Nge2 Nf6 8. h3 Na6 9. Be3 Be6 10. 0-0 fxe4 11. dxe4 Bxc4 12. Qd2 0-0 13. Rad1 Ne8 14. b3 Be6 15. Qc2 Qe7 16. Rd2 Nb4 17. Qb1 c5 18. f4 Nc6 19. f5 Bf7 20. Nd5 Bxd5 21. exd5 Nd4 22. fxg6 Rxf1+ 23. Bxf1 Nf3+ 24. Kg2 Nxd2 25. gxh7+ Kh8 26. Bxd2 Nf6 27. Nc3 Nxh7 28. Bd3 Bf6 29. h4 Rg8 30. Kh3 Qg7 31. Be1 Nf8 32. Qd1 Qd7+ 33. g4 Ng6 34. Bf5 Nf4+ 35. Kh2 Qe7 36. h5 Bh4 37. Ne4 Bxe1 38. Qxe1 Nxd5 39. Nd2 Nf4 40. Nf3 e4 41. Qc3+ Qg7 42. Qxg7+ Rxg7 43. h6 Re7 44. Ne1 d5 45. Kg3 Ne6 46. Ng2 Nd4 47. Bg6 c4 48. bxc4 dxc4 0-1